| 000 | 00612nam a2200157Ia 4500 | ||
|---|---|---|---|
| 003 | GCL | ||
| 008 | 140319s9999 xx 000 0 ara d | ||
| 040 |
_aGCL / _cGCL |
||
| 245 | 1 | 0 | _aمجلة الطفولة والتنمية (العدد 14) |
| 260 |
_aالقاهرة : _bالمجلس العربى للطفولة والتنمية ، _c2004 |
||
| 650 | 0 | 4 | _aالطفل - التنشئة الاجتماعية |
| 650 | 0 | 4 | _aالاطفال - الحياة الدينية |
| 650 | 0 | 4 | _aالاطفال - انفعالات نفسية |
| 650 | 0 | 4 | _aالتليفزيون - الجوانب الاجتماعية |
| 942 |
_2ddc _cCR |
||
| 999 |
_c7495 _d7495 |
||